| 000 -LEADER |
| fixed length control field |
00336nam a22001217a 4500 |
| 008 - FIXED-LENGTH DATA ELEMENTS--GENERAL INFORMATION |
| fixed length control field |
250515b ||||| |||| 00| 0 eng d |
| 020 ## - INTERNATIONAL STANDARD BOOK NUMBER |
| International Standard Book Number |
9780349001845 |
| 082 ## - DEWEY DECIMAL CLASSIFICATION NUMBER |
| Classification number |
823.92 FIT |
| 100 ## - MAIN ENTRY--PERSONAL NAME |
| Personal name |
FIYZGERALD,RUTH |
| Relator term |
AUTHOR |
| 245 ## - TITLE STATEMENT |
| Title |
EMILY SPARKLES AND THE COMPETITION CALAMITY |
| 260 ## - PUBLICATION, DISTRIBUTION, ETC. |
| Place of publication, distribution, etc. |
BRITAIN |
| Name of publisher, distributor, etc. |
Hachette Children's Group |
| 942 ## - ADDED ENTRY ELEMENTS (KOHA) |
| Source of classification or shelving scheme |
|